| 000 | 01385cab a2200289 4500 | ||
|---|---|---|---|
| 001 | ABS56700 | ||
| 008 | 090401t1997 xxu||||| |||| 00| 0 eng d | ||
| 035 | _a(Sirsi) u77568 | ||
| 041 | _aeng | ||
| 245 | _aJones and Jones v Welsh Water Authority | ||
| 260 | _c1997 | ||
| 350 | _a0 | ||
| 490 |
_aRating & Valuation Reporter _v(1997) RVR 46-52(7) |
||
| 520 | _aLT 9 August 1996. Welsh Water (W) compulsorily purchased the claimants` (J) agricultural land for the purpose of building a sewage treatment works. J sought compensation. The issue was the open market value of the freehold interest. A certificate of appropriate alternative development specified commercial / industrial development subject to conditions. The land was subject to risk of flooding and the cost of protection works exceeded that of the value of developable land. Sets out the reasons for the compensation payable. | ||
| 650 | _aCERTIFICATE OF APPROPRIATE ALTERNATIVE DEVELOPMENT | ||
| 650 | _aCOMPENSATION | ||
| 650 |
_aCompulsory purchase _96228 |
||
| 650 | _aFARMLAND | ||
| 650 | _aHOPE VALUE | ||
| 650 | _aJONES AND JONES V WELSH WATER AUTHORITY | ||
| 650 | _aRATING | ||
| 650 | _aRISK OF FLOODING | ||
| 650 | _aSEWAGE TREATMENT WORKS | ||
| 690 | _aENVIRONMENTAL AND LAND CONSULTANCY-PLANNING AND DEVELOPMENT-COMPULSORY PURCHASE AND COMPENSATION | ||
| 942 | _n0 | ||
| 948 | _c04/04/1997 | ||
| 999 |
_c48760 _d48760 |
||